| 000 | 01148nam a22002537a 4500 | ||
|---|---|---|---|
| 005 | 20170123164155.0 | ||
| 010 | _aB-066698 | ||
| 020 |
_c100.00 _a8126013567 |
||
| 035 | _aB-066698 | ||
| 037 | _bCen Lib / Ret | ||
| 040 |
_aDPL _bPN |
||
| 082 |
_a850.8 _bਵਸਿਸ਼ |
||
| 245 |
_aਵੀਹਵੀਂ ਸਦੀ ਦੇ ਪੰਜਾਬੀ ਸਾਹਿਤ ਦਾ ਮੁੱਲਾਂਕਣ / _cਸੰਪਾਦਕ ਓਮ ਪ੍ਰਕਾਸ਼ ਵਸਿਸ਼ਟ |
||
| 246 |
_aVihvin sadi de punjabi sahit da mulankan / _bedited by Om Parkash Vasishta |
||
| 260 |
_aਨਵੀ ਦਿੱਲੀ _bਸਾਹਿਤ ਅਕਾਦੇਮੀ _c2002 |
||
| 270 |
_aਰਵਿੰਦਰ ਭਵਨ, 35, ਫਿਰੋਜ਼ਸ਼ਾਹ ਮਾਰਗ _bਦਿੱਲੀ _e110001 |
||
| 300 |
_a207p. _c21cm(pbk) |
||
| 650 |
_a ਪੰਜਾਬੀ-- ਸਾਹਿਤ _9130748 |
||
| 650 |
_aਪੰਜਾਬੀ-- ਕਵਿਤਾਵਾਂ _9130749 |
||
| 650 |
_aPunjabi-- Literature _9781 |
||
| 650 |
_aPunjabi Literature--Fiction _99827 |
||
| 700 |
_aਵਸਿਸ਼ਟ, ਓਮ ਪ੍ਰਕਾਸ਼ _996970 |
||
| 942 |
_2ddc _cPN _h850.8 _mਵਸਿਸ਼ |
||
| 999 |
_c110631 _d110631 |
||